| 000 | 00646nam a22002417a 4500 | ||
|---|---|---|---|
| 003 | UA-OsUOA | ||
| 001 | 21116 | ||
| 007 | ta | ||
| 008 | 20031118b un ||||| |||| 00| 0 ukr d | ||
| 100 | _aЗалуский З. | ||
| 090 |
_a94(4)"4939/1945" _bЗ-24 |
||
| 942 | _cBK | ||
| 040 |
_aUA-OsUOA _brus _cUA-OsUOA _dUA-OsUOA |
||
| 245 |
_aСорок четвертый _bСобытия, наблюдения, размышления |
||
| 300 | _a415 с. | ||
| 955 | _a0 | ||
| 041 | _arus | ||
| 080 | _a94(4)"4939/1945" | ||
| 260 |
_aМосква _bВоениздат _c1978 |
||
| 044 | _aRU | ||
| 650 | 7 | _2UDC | |
| 999 |
_c307309 _d307309 |
||